000 01308cam a2200373 a 4500
999 _c331646
_d331646
001 2557694
003 NUST
005 20171012105648.0
008 950831m19949999pk a 000 0 eng
010 _a 94930811
020 _cRs200.00 (v. 1)
025 _aP-E-026963
040 _aDLC
_cDLC
_dDLC
042 _alcode
043 _aa-af---
_aa-pk---
050 0 0 _aDS374.H5
_bB35 1994
082 0 0 _a958.1
_bBAI
100 1 _aBaig, Rahmat Karim.
_95373
245 1 0 _aHindu Kush study series /
_cby Rahmat Karim Baig.
250 _a1st ed.
260 _aPeshawar:
_bRehmat Printing Press,
_c1994
300 _av. <1-2 > :
_bcol. ill. ;
_c21 cm.
650 0 _aKalash (Pakistani people)
_xSocial life and customs.
_94741
650 0 _aKho (Pakistani people)
_xSocial life and customs.
_95374
650 0 _aEthnology
_zPakistan.
_95375
651 0 _aHindu Kush Mountains (Afghanistan and Pakistan)
_xDescription and travel.
_95376
651 0 _aHindu Kush Mountains (Afghanistan and Pakistan)
_xSocial life and customs.
_95377
906 _a7
_bcbc
_corigode
_d2
_encip
_f19
_gy-gencatlg
942 _2ddc
_cBK